| 000 | 00598cam a22002053a 4500 | ||
|---|---|---|---|
| 001 | 34855 | ||
| 003 | PGUSA | ||
| 005 | 20140828083742.0 | ||
| 008 | 110105s2011||||xxu|||||s|||||000 | eng d | ||
| 040 |
_aPGUSA _beng |
||
| 042 | _adc | ||
| 100 | 1 |
_aJarrett, Bede, _d1881-1934 |
|
| 245 | 1 | 4 |
_aThe Abiding Presence of the Holy Ghost in the Soul _h[electronic resource] / _cBede Jarrett |
| 260 |
_bProject Gutenberg, _c2011 |
||
| 506 | _aPublic domain in the USA. | ||
| 516 | _aElectronic text | ||
| 830 | 0 |
_aProject Gutenberg _v34855 |
|
| 856 | 4 | 0 | _uhttp://www.gutenberg.org/ebooks/34855 |
| 942 | _cEB | ||
| 999 |
_c264110 _d264110 |
||